00321nam a2200121Ia 4500008004100000041000800041082001500049100002200064245004500086260002700131300003200158365000900190240624s9999 xx 000 0 und d aeng a658.4 VAN  aVANGUNDY ARTHUR B aGETTING TO INNOVATION HOW ASKING THE RIG c2007aNew YorkbAmacom axvii, , 270 , 23 , p. , cm. cb30